000 00699nam a22002177a 4500
003 OSt
005 20221028225144.0
008 221021b |||||||| |||| 00| 0 eng d
020 _a90-6369-097-5
040 _cBiblioteca LadoV
082 _a708
_bAB138n
100 _9253
_aAbedini, Reza
_eautora
245 _aNew Visual Culture of Modern/
_bIran/
260 _aSingapure
_c2006
_bLAVA & BIS
300 _a159p.
_c24x29cm
650 _2Tesauro de Arte & Arquitectura
_aDISENO GRAFICO
650 _2Tesauro de Arte & Arquitectura
_aILUSTRACION
650 _2Tesauro de Arte & Arquitectura
_aFOTOGRAFIA
700 _aWolbers, Hans
_eautor
942 _2ddc
_c1
_h708
_iAB138n
_n0
999 _c2425
_d2425